000 00434nam a22001697a 4500
005 20180321125458.0
008 160430b xxu||||| |||| 00| 0 eng d
020 _a978-81-8054-663-1
041 _aeng
082 _b1005
_a338.5024658
100 _aMehta P.L.
_9312
245 _aMnagerial Economics Analysis, Preblems, and Cases.
260 _bSultan Chand & Sons.
_c2010
300 _a837
650 _aManagement
_9241
942 _cBK
999 _c360
_d360